Diccionario de derecho de la información (Record no. 123608)

MARC details
000 -LEADER
fixed length control field 00651nam a22001937a 4500
005 - DATE AND TIME OF LATEST TRANSACTION
control field 20221024102606.0
008 - FIXED-LENGTH DATA ELEMENTS--GENERAL INFORMATION
fixed length control field 161215b2009 mx ||||| |||| 001 0dspa d
020 ## - INTERNATIONAL STANDARD BOOK NUMBER
International Standard Book Number 9786074011449
050 04 - LIBRARY OF CONGRESS CALL NUMBER
Classification number KGF3015
Item number V55 2009
100 1# - MAIN ENTRY--PERSONAL NAME
Personal name villanueva, Ernesto
Relator term autor
245 10 - TITLE STATEMENT
Title Diccionario de derecho de la información
Statement of responsibility, etc / Ernesto Villanueva.
250 ## - EDITION STATEMENT
Edition statement 1a ed.
260 ## - PUBLICATION, DISTRIBUTION, ETC. (IMPRINT)
Place of publication, distribution, etc México :
Name of publisher, distributor, etc Universidad Autónoma de México :
-- Miguel Ángel Porrúa,
Date of publication, distribution, etc c2009
300 ## - PHYSICAL DESCRIPTION
Extent 1365 p. :
Dimensions 23 cm.
490 0# - SERIES STATEMENT
Volume number/sequential designation Conocer para Decidir
504 ## - BIBLIOGRAPHY, ETC. NOTE
Bibliography, etc Incluye bibliografía
650 #7 - SUBJECT ADDED ENTRY--TOPICAL TERM
Source of heading or term lemb
Topical term or geographic name as entry element Libertad de información
Form subdivision Diccionarios
Geographic subdivision México
942 ## - ADDED ENTRY ELEMENTS (KOHA)
Source of classification or shelving scheme Biblioteca del Cogreso de los Estados Unidos
Koha item type Libro
Holdings
Estado de pérdida Fuente de clasificación Estado del daño No para préstamo Ubicación permanente Ubicación actual Apartado o colección Fecha de adquisición Fuente de adquisición Edición Dependencia de educación superior (DES) Área del conocimiento Clasificación Código de Barras Date last seen Número de copia Costo por reposición Tipo de recurso
  Biblioteca del Cogreso de los Estados Unidos     Biblioteca de la Facultad de Derecho y Ciencias Sociales "Felipe J. Tena" Biblioteca de la Facultad de Derecho y Ciencias Sociales "Felipe J. Tena" Consulta 15/12/2016 Donación 1a ed. Derecho Ciencias Sociales y Administrativas KGF3015 V55 2009 BFD000008325 15/12/2016 1 1.00 Libro
  Biblioteca del Cogreso de los Estados Unidos     Biblioteca de la Facultad de Derecho y Ciencias Sociales "Felipe J. Tena" Biblioteca de la Facultad de Derecho y Ciencias Sociales "Felipe J. Tena" Consulta 19/01/2017 Donación 1a ed. Derecho Ciencias Sociales y Administrativas KGF3015 V55 2009 BFD000008368 19/01/2017 2 1.00 Libro
  Biblioteca del Cogreso de los Estados Unidos     Biblioteca de la Unidad de Ciencias Ingeniería y Humanidades Biblioteca de la Unidad de Ciencias Ingeniería y Humanidades Colección "Miguel Ángel Porrúa" 27/09/2017 Donación 1a ed.   Ciencias Sociales y Administrativas KGF3015 V55 2009 BCU000001151 27/09/2017 C:1   Libro